<?xml version="1.0" encoding="UTF-8"?><?xml-stylesheet type="text/xsl" href="static/style.xsl"?><OAI-PMH xmlns="http://www.openarchives.org/OAI/2.0/" xmlns:xsi="http://www.w3.org/2001/XMLSchema-instance" xsi:schemaLocation="http://www.openarchives.org/OAI/2.0/ http://www.openarchives.org/OAI/2.0/OAI-PMH.xsd"><responseDate>2026-04-27T08:15:43Z</responseDate><request verb="GetRecord" identifier="oai:uvadoc.uva.es:10324/79236" metadataPrefix="marc">https://uvadoc.uva.es/oai/request</request><GetRecord><record><header><identifier>oai:uvadoc.uva.es:10324/79236</identifier><datestamp>2025-11-04T20:04:15Z</datestamp><setSpec>com_10324_38</setSpec><setSpec>col_10324_852</setSpec></header><metadata><record xmlns="http://www.loc.gov/MARC21/slim" xmlns:doc="http://www.lyncode.com/xoai" xmlns:xsi="http://www.w3.org/2001/XMLSchema-instance" xmlns:dcterms="http://purl.org/dc/terms/" xsi:schemaLocation="http://www.loc.gov/MARC21/slim http://www.loc.gov/standards/marcxml/schema/MARC21slim.xsd">
<leader>00925njm 22002777a 4500</leader>
<datafield tag="042" ind1=" " ind2=" ">
<subfield code="a">dc</subfield>
</datafield>
<datafield tag="720" ind1=" " ind2=" ">
<subfield code="a">Bautista Calvo, Paula</subfield>
<subfield code="e">author</subfield>
</datafield>
<datafield tag="260" ind1=" " ind2=" ">
<subfield code="c">2025</subfield>
</datafield>
<datafield tag="520" ind1=" " ind2=" ">
<subfield code="a">El objetivo del presente trabajo es estudiar el fenómeno de la inmigración en los&#xd;
últimos años, con especial atención a las denominadas “devoluciones en&#xd;
caliente” o devoluciones sumarias. Estas prácticas, que consisten en la expulsión&#xd;
inmediata de aquellos inmigrantes que intenta pasar la frontera, han generado&#xd;
un debate, tanto social como político.&#xd;
Así, estudiaremos el marco normativo de su regulación, su compatibilidad con&#xd;
los derechos fundamentales de la Constitucional española y con los Tratados&#xd;
internacionales de los que España es parte. Además, abordaremos las&#xd;
implicaciones sociales y las corrientes políticas actualmente existentes en&#xd;
nuestra sociedad respecto al tema. Por último, se hará un estudio de la&#xd;
jurisprudencia que es de interés.</subfield>
</datafield>
<datafield tag="520" ind1=" " ind2=" ">
<subfield code="a">The aim of the present paper is to study the phenomenon of immigration in recent&#xd;
years, with special attention to the so-called "pushbacks" or summary returns.&#xd;
These practices, which consist of the immediate expulsion of those immigrants&#xd;
who attempt to cross the border, have generated a debate, both social and&#xd;
political.&#xd;
Thus, we will study the regulatory framework governing them, their compatibility&#xd;
with the fundamental rights of the Spanish Constitution and with the international&#xd;
treaties to which Spain is a party. In addition, we will address the social&#xd;
implications and the current political trends in our society regarding this issue.&#xd;
Finally, a study of the relevant case law will be carried out.</subfield>
</datafield>
<datafield tag="024" ind2=" " ind1="8">
<subfield code="a">https://uvadoc.uva.es/handle/10324/79236</subfield>
</datafield>
<datafield tag="245" ind1="0" ind2="0">
<subfield code="a">Las devoluciones en caliente. Análisis constitucional</subfield>
</datafield>
</record></metadata></record></GetRecord></OAI-PMH>